Detalles MARC
| 000 -LÍDER |
| Campo fijo de descripción fija |
01764nam a22003257i 4500 |
| 001 - NÚMERO DE CONTROL |
| Campo de control |
768714001 |
| 003 - IDENTIFICADOR DEL NÚMERO DE CONTROL |
| Campo de control |
CO-MdFUSB |
| 005 - FECHA Y HORA DE LA ULTIMA TRANSACCIÓN |
| control field |
20190415114008.0 |
| 008 - ELEMENTOS DE LONGITUD FIJA -- INFORMACIÓN GENERAL |
| Campo fijo de descripción fija -- Información general |
190412t2012 ck |||| |||| 00| 0 spa d |
| 020 ## - NÚMERO INTERNACIONAL NORMALIZADO PARA LIBROS |
| Número Internacional Normalizado del libro |
9789585740921 |
| 040 ## - FUENTE DE CATALOGACIÓN |
| Agencia de catalogación original |
CO-MdFUSB |
| Idioma de catalogación |
spa |
| Agencia que realiza la transcripción |
CO-MdFUSB |
| Agencia que realiza la modificación |
CO-MdFUSBC |
| Convenciones de la descripción |
rda |
| 041 ## - CÓDIGO DE IDIOMA |
| Código de idioma para texto/pista de sonido o título separado |
spa |
| 082 ## - NÚMERO DE CLASIFICACIÓN DECIMAL DEWEY |
| Número de la edición del Dewey |
23 |
| Número de clasificación |
232 |
| Clave de autor-Numero de item |
P139 |
| 100 ## - ASIENTO PRINCIPAL--NOMBRE PERSONAL |
| Nombre personal |
Pagola, José Antonio. |
| Término relacionador |
autor. |
| 245 ## - TÍTULO |
| Título del Material |
Marcos. |
| Mención de responsabilidad, etc. |
/ José Antonio Pagola. |
| 264 #1 - PRODUCCIÓN, PUBLICACIÓN, DISTRIBUCIÓN, MANUFACTURA, Y COPYRIGHT |
| Lugar de producción, publicación, distribución, manufactura |
Bogotá : |
| Nombre del productor, publicador, distribuidor |
PPC, |
| Fecha de producción, publicación, distribución, manufactura, o copyright |
[2012] |
| 264 #4 - PRODUCCIÓN, PUBLICACIÓN, DISTRIBUCIÓN, MANUFACTURA, Y COPYRIGHT |
| Fecha de producción, publicación, distribución, manufactura, o copyright |
©2012 |
| 300 ## - DESCRIPCIÓN FÍSICA |
| Extensión |
268 páginas |
| Dimensiones |
; 20 cm |
| 336 ## - TIPO DE CONTENIDO |
| Fuente |
rdacontent |
| Término de tipo de contenido |
texto |
| Código de tipo de contenido |
txt |
| 337 ## - TIPO DE MEDIO |
| Fuente |
rdamedia |
| Nombre del tipo de medio |
sin mediación |
| Código del tipo de medio |
n |
| 338 ## - TIPO DE SOPORTE |
| Fuente |
rdacarrier |
| Nombre del tipo de soporte |
volumen |
| Código Tipo de soporte |
nc |
| 490 1# - MENCIÓN DE SERIE |
| Mención de serie |
El camino abierto por Jesús. |
| 505 ## - NOTA DE CONTENIDO |
| Nota de contenido con formato preestablecido |
Comienza el evangelio de Jesucristo. -- Bautismo de Jesús. -- La buena noticia de Dios. -- Enseñar curando. -- Pasión por la vida. -- Contra la exclusión. -- El perdón de Dios. -- Vino nuevo en odres nuevos. -- La persona es lo primero. -- No pecar contra el Espíritu Santo. -- Sembrar. -- ¿Por qué tanto miedo?. -- Contra la dominación masculina. -- Sabio y curador. -- Enviados a evangelizar. -- Ovejas sin pastor. -- Con el corazón lejos de Dios. -- Curar nuestra sordera. -- ¿Quién decís que soy yo?. -- Escuchar a Jesús. -- Importantes. -- Son amigos, no adversarios. -- Matrimonios rotos. -- Una cosa nos falta. -- No imponerse, sino servir. -- Ceguera. -- Lo decisivo es amar. -- Lo que nos pueden enseñar los pobres. -- Al final vendrá Jesús. -- Despertar. -- La cena del Señor. -- El grito del Crucificado. -- Proclamad el evangelio. |
| 563 ## - NOTA DE ENCUADERNACIÓN |
| Nota de encuadernación |
Rústico. |
| 600 07 - ASIENTO SECUNDARIO DE MATERIA - NOMBRE PERSONAL |
| Nombre personal |
Jesucristo |
| 630 07 - TITULO UNIFORME |
| Título uniforme |
Biblia. |
| Nombre de parte o sección de la obra |
Marcos |
| Subdivisión de forma |
Comentarios |
| 650 #7 - ASIENTO SECUNDARIO DE MATERIA - TERMINO TEMÁTICO |
| 9 (RLIN) |
239 |
| Término temático o nombre geográfico como elemento de entrada |
Cristología |
| 830 ## - PUNTO DE ACCESO ADICIONAL DE SERIE - TÍTULO UNIFORME |
| Título uniforme |
El camino abierto por Jesús. |
| Designación de volumen o secuencia |
2 |
| 942 ## - TIPO DE MATERIAL (KOHA) |
| Tipo de Item KOHA |
Libros General |